| 000 | 01216 a2200337 4500 | ||
|---|---|---|---|
| 001 | 41819 | ||
| 005 | 20260407155709.0 | ||
| 008 | 260407a2009 arg spa d | ||
| 003 | AR-UNSa-BCEJYS | ||
| 040 |
_aAR-UNSa-BCEJYS _bspa _cAR-UNSa-BCEJYS |
||
| 080 |
_a336.226.1 _xImpuestos a las ganancias o los beneficios (Impuesto Diferido) |
||
| 245 | 1 | 0 |
_aCANDY S.A. c/ AFIP y otro sobre acción de amparo _pun límite a la confiscatoriedad ante la inaplicabilidad del ajuste por inflación impositivo |
| 264 | 1 |
_aBuenos Aires : _bLa Ley _c2009 |
|
| 300 |
_a74 p. _c24 cm. |
||
| 041 | _aspa | ||
| 942 | _cBK | ||
| 590 | _aniveau_biblio:m niveau_hierar:0 | ||
| 100 | 1 | _aFernández, Luis Omar | |
| 700 | 1 | _aLascano, Marcelo Ramón | |
| 700 | 1 | _aGarcía, Fernando | |
| 700 | 1 | _aMelzi, Flavia Irene | |
| 700 | 1 | _aNaveira de Casanova, Gustavo J. | |
| 700 | 1 | _aRevilla, Pablo José María | |
| 700 | 1 | _aOklander, Juan | |
| 700 | 1 | _aSchindel, Ángel | |
| 700 | 1 | _aSequeira, Marcos A. | |
| 700 | 1 | _aSimesen de Bielke, Sergio Armando | |
| 700 | 1 | _aEgüez, Hermosinda | |
| 700 | 1 | _aSpisso, Rodolfo Roque | |
| 856 | 4 | 1 |
_uhttps://biblioeco.unsa.edu.ar/pmb/images/revistas/E00060.jpg _yImagen de portada _qimage/jpeg |
| 999 |
_c3535 _d3535 |
||